Statistics for Countries With Most Total Seats

Click here to take the quiz!

General Stats

  • This quiz has been taken 27 times
  • The average score is 19 of 26

Answer Stats

RankCountryAmount% Correct
1China2987
96%
8France577
96%
19Japan475
96%
3United Kingdom650
96%
25United States435
96%
7Germany598
93%
4Italy630
93%
13India545
89%
22Russia450
89%
14Brazil513
85%
15Mexico500
85%
11Egypt568
81%
26South Africa400
81%
22Ukraine450
78%
9Indonesia575
74%
6Turkey600
74%
20Algeria462
70%
21Poland460
70%
15Democratic Republic of the Congo500
67%
15Thailand500
56%
18Vietnam498
56%
12Ethiopia546
44%
24Myanmar440
37%
2North Korea687
33%
5Cuba609
15%
9Nepal575
7%

Score Distribution

Percentile by Number Answered

Percent of People with Each Score

Your Score History

You have not taken this quiz